Statistics for Ben Affleck Movies

Click here to take the quiz!

General Stats

  • This quiz has been taken 6,397 times
    (3,881 since last reset)
  • The average score is 9 of 16

Answer Stats

Description Movie % Correct
The Caped Crusader vows to defeat a space alien from KryptonBatman v Superman:
Dawn of Justice
90%
Only blue-collar oil drillers can save the world from a killer asteroidArmageddon
82%
On a day which will live in infamy, two friends battle invading Japanese forcesPearl Harbor
80%
Boston-area janitor can easily solve math problems, but not his personal demonsGood Will Hunting
80%
CIA operatives pretend to be film producers to free Iranian hostagesArgo
80%
Somehow, a blind lawyer is a superhero vigilante by nightDaredevil
70%
A woman's disappeance casts a media spotlight on her husband. Is he innocent - or not?Gone Girl
70%
England's greatest playwright falls in love with a cross-dressing thespianShakespeare in Love
57%
Fallen angels seek to exploit a Catholic loophole and regain admittance to heavenDogma
53%
A widely-panned romantic comedy whose co-stars were romantically involved in real lifeGigli
51%
One square mile of Boston is a breeding ground for bank robbersThe Town
44%
CIA analyst Jack Ryan fears that a terrorist group will nuke a football gameThe Sum of All Fears
34%
Two comic book artists meet and fall in love - but he can't live with
her former sexual escapades
Chasing Amy
30%
Incoming freshmen are paddled by seniors at a Texas high school in the 1970'sDazed and Confused
29%
Robbers dress as Santa Claus to rob a casino in northern MichiganReindeer Games
24%
Man has his memory wiped after engineering a machine that can see into the futurePaycheck
17%

Score Distribution

Percentile by Number Answered

Percent of People with Each Score

Your Score History

You have not taken this quiz since the last reset